|
|
|
|
| LEADER |
00904nam a22002537a 4500 |
| 001 |
31564 |
| 003 |
BD-DhAAL |
| 005 |
20170126113636.0 |
| 008 |
170126s2013 bg ||||| |||| 00| 0 eng d |
| 040 |
|
|
|a BD-DhAAL
|c BD-DhAAL
|
| 082 |
|
|
|2 23
|a 307.1412095492
|
| 245 |
|
|
|a Research monograph series,
|n no. 56-60
|
| 260 |
|
|
|a Dhaka :
|b Research and Evaluation Division, BRAC,
|c 2013
|
| 300 |
|
|
|a various paging :
|b illustration ;
|c 25 cm.
|
| 490 |
|
|
|a Research monograph series
|v no. 56-60
|
| 526 |
|
|
|a AAL
|
| 541 |
|
|
|e 31564
|
| 610 |
|
|
|a BRAC
|9 20966
|
| 650 |
|
|
|a Rural development
|z Bangladesh
|9 20967
|
| 710 |
|
|
|a Research and Evaluation Division, BRAC
|9 20968
|
| 852 |
|
|
|a Ayesha Abed Library
|
| 942 |
|
|
|2 ddc
|c BK
|
| 999 |
|
|
|c 37949
|d 37949
|
| 952 |
|
|
|0 0
|1 0
|2 ddc
|4 0
|5 1
|6 307_141209549200000_RES
|7 1
|8 REF
|9 59968
|a BRACUL
|b BRACUL
|c REF
|d 2017-01-26
|e BRAC
|l 0
|o 307.1412095492 RES
|p 3010031564
|r 2017-01-26
|t 1
|w 2017-01-26
|y BK
|